Loading...
Fine Arts - Classical Music | 5 | 10.00 | 100% | 0% | 0% |
Fine Arts - Other Fine Arts | 3 | 13.33 | 100% | 33% | 0% |
Fine Arts - Visual Fine Arts | 2 | 10.00 | 100% | 0% | 0% |
Geography/Current Events | 1 | 10.00 | 100% | 0% | 0% |
History - American History | 3 | 16.67 | 100% | 67% | 0% |
History - European History | 3 | 10.00 | 100% | 0% | 0% |
History - Other History | 6 | 6.67 | 50% | 17% | 0% |
History - World History | 2 | 10.00 | 100% | 0% | 0% |
Literature - American Literature | 5 | 10.00 | 80% | 20% | 0% |
Literature - British Literature | 3 | 10.00 | 67% | 33% | 0% |
Literature - European Literature | 3 | 3.33 | 33% | 0% | 0% |
Literature - World/Other Literature | 2 | 15.00 | 100% | 50% | 0% |
Mythology | 3 | 10.00 | 67% | 0% | 33% |
Other Academic | 2 | 15.00 | 100% | 50% | 0% |
Philosophy | 1 | 10.00 | 100% | 0% | 0% |
Religion | 5 | 10.00 | 60% | 40% | 0% |
Science - Biology | 3 | 13.33 | 100% | 33% | 0% |
Science - Chemistry | 4 | 12.50 | 100% | 25% | 0% |
Science - Other Science | 1 | 20.00 | 100% | 0% | 100% |
Science - Physics | 2 | 10.00 | 100% | 0% | 0% |
Social Science | 1 | 10.00 | 100% | 0% | 0% |